000 01305naa a22003497a 4500
001 BR7908088
003 BR-BrBNA
005 20240918174522.0
007 ta
008 230509b bl.||||| |||| 00| 0 por d
040 _aBR-BrBNA
_bpor
_cBiblioteca Nacional de Agricultura
041 _a(Pt)
072 _aF25
_b0150
_b3810
_b3820
_b3830
_b3840
_bG514
090 _aF25 BR7908088
100 1 _aGomes, F.P.
111 1 _a1. Reuniao de Tecnicos em Rizicultura do Estado de Sao Paulo
_cCampinas, SP (Brazil)
_d5 Mar 1979
245 1 _aResultados experimentais de adubacao de arroz no Maranhao, no Piaui e no Ceara [Oryza sativa, NPK, calcario, Brasil]
260 3 _aCampinas, SP (Brasil):
_c1979.
500 _aAnais da 1. Reuniao de Tecnicos em Rizicultura do Estado de Sao Paulo Campinas, SP (Brasil): 1979. p. 213-219 (BR7908088-AM)F25
650 _aARROZ
650 _aADUBACAO
650 _aFERTILIZANTE NITROGENADO
650 _aFERTILIZANTE FOSFATADO
650 _aFERTILIZANTE POTASSICO
650 _aCALCARIO
650 _aMARANHAO
650 _aPIAUI
650 _aCEARA
773 0 _tAnais da 1. Reuniao de Tecnicos em Rizicultura do Estado de Sao Paulo
_wF25 BR7908088
_gCampinas, SP (Brasil), 1979. p. 213-219
909 _a202404
_bLucia
_c55
_dLucia Elande
942 _cAM
_2AGRIS
999 _c311737
_d311737